000
00314nam a22001337a 4500
008
170609b xxu||||| |||| 00| 0 eng d
020
_a
9780691089171
041
_a
eng
080
_a
327
100
_a
19
101
_a
SHP
245
_a
POST COMUNISM AND THE THEORY DEMOCRACY
_c
ANDERSON.R.D
942
_2
udc
_c
BK
999
_c
16669
_d
16669